Tuyển tập Bình Nguyên Lộc
Guardat en:
| Format: | Llibre |
|---|---|
| Idioma: | Undetermined |
| Publicat: |
Hà Nội
Y Học
2001
|
| Matèries: | |
| Etiquetes: |
Afegir etiqueta
Sense etiquetes, Sigues el primer a etiquetar aquest registre!
|
| Thư viện lưu trữ: | Trung tâm Học liệu Trường Đại học Cần Thơ |
|---|
| LEADER | 00564nam a2200193Ia 4500 | ||
|---|---|---|---|
| 001 | CTU_93190 | ||
| 008 | 210402s9999 xx 000 0 und d | ||
| 020 | |c 63000 | ||
| 082 | |a 895.922333 | ||
| 082 | |b T527/T.2 | ||
| 245 | 0 | |a Tuyển tập Bình Nguyên Lộc | |
| 245 | 0 | |c Nguyễn Q. Thắng tuyển chọn & giới thiệu | |
| 260 | |a Hà Nội | ||
| 260 | |b Y Học | ||
| 260 | |c 2001 | ||
| 650 | |a Vietnamese fiction | ||
| 650 | |y 20th century | ||
| 904 | |i Tuyến,Hải | ||
| 980 | |a Trung tâm Học liệu Trường Đại học Cần Thơ | ||